| 000 | 00539nam a2200169Ia 4500 | ||
|---|---|---|---|
| 008 | 140529s9999 xx 000 0 und d | ||
| 020 | _a9781405183758 | ||
| 050 |
_aPS 25 _b.W485 2010 |
||
| 100 | _aWhitla, William. | ||
| 245 | 4 |
_aThe English handbook : _ba guide to literary studies / _cWilliam Whitla |
|
| 260 |
_aChichester, U.K. ; Malden, MA : _bWiley-Blackwell, _cc2010. |
||
| 300 |
_a343 p. : _bill. ; _c23 cm. |
||
| 500 | _aIncludes bibliographical references and index. | ||
| 521 | _aGE | ||
| 942 |
_kFOR _cBK |
||
| 999 |
_c117666 _d117666 |
||